| 000 | 00643nam a22002057a 4500 | ||
|---|---|---|---|
| 999 |
_c4915 _d4915 |
||
| 003 | AR-CdUCM | ||
| 008 | 190311b ||||| |||| 00| 0 spa d | ||
| 040 |
_aMUNICIPALIDAD PROVINCIAL DEL CUSCO _cBIBLIOTECA MUNICIPAL DEL CUSCO |
||
| 082 |
_a869.56 / _bC65 |
||
| 100 |
_aCisneros, Antonio _915095 |
||
| 245 | _aComentarios reales / | ||
| 260 |
_aLima : _bIndustrial Gráfica, _c1964. |
||
| 300 |
_a89 páginas ; _bIlustraciones _c19 cm. |
||
| 440 |
_aColeccion poesía peruana contemporánea _915096 |
||
| 500 | _aDonación familia Nieto | ||
| 650 |
_aPoesías peruanas _91481 |
||
| 650 |
_aSiglo XX _98 |
||
| 942 |
_2ddc _cLIBROS |
||
| 945 | _aafb | ||